Statistics for Songs from Disney's 'Aladdin' Film and Musical

Click here to take the quiz!

General Stats

  • This quiz has been taken 311 times
  • The average score is 5 of 11

Answer Stats

HintAnswer% Correct
"A dazzling place I never knew But when I'm way up here, it's crystal clear"A Whole New World
88%
"Oh, I come from a land, from a faraway place, where the caravan camels roam"Arabian Nights
86%
"Mr. Aladdin, sir, what will your pleasure be? Let me take your order, jot it down?"Friend Like Me
80%
"Genuflect, show some respect: Down on one knee."Prince Ali
76%
"I steal only what i can't afford, that's everything"One Jump Ahead
73%
"I'll do my best, what else can I do ? Since I wasn't born perfect like Dad or you"Proud of Your Boy
23%
"Good pals, blood brothers. Me and three others"Babkak, Omar, Aladdin, Kassim
14%
"How can someone love me when, in fact they don’t know me"These Palace Walls
13%
"We'll join a caravan tonight. Count on the stars to be our guides"A Million Miles Away
12%
"You'll never win her heart, it just tears me apart. To see her slip right through your fingers"Diamond in the Rough
12%
"You're off and riding, saber flashing"High Adventure
12%

Score Distribution

Percentile by Number Answered

Percent of People with Each Score

Your Score History

You have not taken this quiz